000 00496nam a2200181Ia 4500
005 20250508152223.0
008 008 250505s9999 xx 000 0 eng d
037 _aTextual
040 _aFEDL
_beng
_cFEDL
041 _aeng
_2eng
084 _a796.52, CLA
_qFEDL
100 _aClark Ronald
245 0 _aTrue book about mountaineering
260 _aLondon, UK
_bFrederick Muller Limited
_c1957
300 _a143p.
942 _cTEXL
_h796.52, CLA
999 _c1335040
_d1335040